| 000 | 00941cam a22002411i 4500 | ||
|---|---|---|---|
| 003 | SA-RiAUC | ||
| 005 | 20260127140037.0 | ||
| 008 | 260125s1946 ua g 00000 ara c | ||
| 040 |
_aSA-RiAUC _bara _cSA-RiAUC _erda |
||
| 082 | 0 | 4 |
_a415.1 _qSA-RiAUC |
| 090 |
_aم ن 415.1 _bح س ن |
||
| 100 | 1 |
_aحسن، عبد الحميد، _d1889-1976 _eمؤلف. |
|
| 245 | 1 | 2 |
_aالقواعد النحوية : _bمادتها وطريقتها / _cتأليف عبد الحميد حسن. |
| 264 | 1 |
_a[مكان النشر غير محدد] : _b[الناشر غير محدد]، _c1946 |
|
| 264 | 3 |
_aالقاهرة : _bمطبعة العلوم |
|
| 300 |
_a283 صفحة ؛ _c24 سم |
||
| 336 |
_aنص _btxt _2rdacontent _3كتاب |
||
| 337 |
_aبدون وسيط _bn _2rdamedia |
||
| 338 |
_aمجلد _bnc _2rdacarrier |
||
| 650 | 7 |
_aاللغة العربية _xنحو _2aucsh |
|
| 942 |
_2ddc _cRBOOK COPY _n0 |
||
| 949 |
_aSA-JeALM _d260125 _umohamedma123 _n1 |
||
| 999 |
_c14198 _d14198 |
||